000 00508nam a2200169Ia 4500
008 240729s9999 xx 000 0 und d
022 _a2674-032X
245 0 _aWind
260 _aSwitzerland
260 _bMDPI AG
650 _a Electrical engineering. Electronics. Nuclear engineering
650 _a Production of electric energy or power. Powerplants. Central stations
650 _aTechnology
856 _uhttps://doaj.org/toc/c36a46bcfceb43dc81845063f6f90b68
942 _2ddc
942 _cDOAJEJ
999 _c71943
_d71943
945 _a1
_bMadushi Gamage
_c1
_dMadushi Gamage